Αριστοξένου : αρμονικών στοιχείων ; αρχαίοι αρμονικοί συγγραφείς
Αποθηκεύτηκε σε:
| Κύριος συγγραφέας: | |
|---|---|
| Άλλοι συγγραφείς: | |
| Μορφή: | Βιβλίο |
| Γλώσσα: | Greek Ancient Greek |
| Δημοσίευση: |
Αθήναι :
Γεωργιάδης,
1997.
|
| Σειρά: | Βιβλιοθήκη των Ελλήνων ;
2 |
| Θέματα: | |
| Ετικέτες: |
Προσθήκη ετικέτας
Δεν υπάρχουν, Καταχωρήστε ετικέτα πρώτοι!
|
MARC
| LEADER | 00000cam a2200000 i 4500 | ||
|---|---|---|---|
| 001 | 1/80761 | ||
| 008 | 050712s1997 gr | ||| |||| ||gre|| | ||
| 035 | |l 10079105 | ||
| 040 | |a GR-MY-UA |b gre |e aacr | ||
| 041 | 1 | |a gre |h grc | |
| 082 | 7 | |a 780 |2 (22) | |
| 100 | 0 | |a Αριστόξενος ο Ταραντίνος, |d 4ος αι. π.Χ. | |
| 245 | 1 | 0 | |a Αριστοξένου : |b αρμονικών στοιχείων ; αρχαίοι αρμονικοί συγγραφείς / |c Αριστόξενος ; μετάφρασις: Δρ. Δ. Κουτρούμπας. |
| 246 | 3 | 4 | |a Αρμονικοί συγγραφείς |
| 260 | |a Αθήναι : |b Γεωργιάδης, |c 1997. | ||
| 300 | |a τ. ; |c 21 εκ. | ||
| 490 | 1 | |a (Βιβλιοθήκη των Ελλήνων ; |v 2) | |
| 650 | 0 | 0 | |a Music, Greek and Roman |x History and criticism. |
| 700 | 1 | |a Κουτρούμπας, Δημήτριος Γ. |e trl | |
| 830 | 0 | |a Βιβλιοθήκη των Ελλήνων ; |v 2 | |
| 852 | |a INST |b RHODES |c KRI |e 20050712 |h 780 ΑΡΙ |p 005400023094 |q 005400023094 |t BK |v τομ.2: |y 0 | ||
| 901 | |a BIBL4-2005-2 | ||
| 909 | |a Ρ |b 111039 | ||
| 970 | |a ΚΟΖΑ |b ΜΑΡΙΑ |z 2005/07/12 | ||